[Event "Mechanics' Spring TNM; 30/90, SD/30"]
[Site "San Francisco"]
[Date "2013.04.02"]
[Round "3.22"]
[White "Cox, Hank"]
[Black "Sherwood, Peter"]
[Result "1-0"]
[WhiteElo "1620"]
[BlackElo "1812"]
[PlyCount "95"]
[EventDate "2013.??.??"]

1. d4 d5 2. Nf3 Nf6 3. c4 c6 4. Nc3 dxc4 5. e3 e6 6. Bxc4 Nbd7 7. O-O Nb6 8.
Bb3 Be7 9. Re1 O-O 10. e4 Qc7 11. Bg5 Rd8 12. e5 Nfd5 13. Qd3 g6 14. Rac1 Qd7
15. Bxd5 exd5 16. Bh6 Qf5 17. Qe3 Nc4 18. Qe2 Qh5 19. b3 Nb6 20. Qe3 Qf5 21.
Bg5 Re8 22. Ne2 Qe6 23. Nf4 Qd7 24. Bh6 Bf8 25. e6 fxe6 26. Bxf8 Kxf8 27. Qe5
Kg8 28. Ng5 Qg7 29. Qxg7+ Kxg7 {draw offer} 30. Nfxe6+ Bxe6 31. Nxe6+ Kf7 32.
Nc7 Rxe1+ 33. Rxe1 Rc8 34. Ne6 Kf6 35. Nc5 Rc7 36. Re5 Nd7 37. Nxd7+ Rxd7 38.
g4 c5 39. g5+ Kf7 40. f4 cxd4 41. Kf2 b5 42. Ke2 Re7 43. Kd3 Rxe5 44. fxe5 Ke6
45. Kxd4 a6 46. b4 Kf5 47. Kxd5 Kxg5 48. Kd6 1-0

[Event "Mechanics' Neil Falconer TNM; 30/90, SD"]
[Site "San Francisco"]
[Date "2013.09.10"]
[Round "6.17"]
[White "Delaney, Will"]
[Black "Kadri, Barbara"]
[Result "1-0"]
[WhiteElo "1800"]
[BlackElo "1567"]
[PlyCount "35"]
[EventDate "2013.??.??"]

1. Nf3 e6 2. d4 Nc6 3. e4 Be7 4. c4 Nf6 5. Nc3 b6 6. Be2 a5 7. O-O O-O 8. Bf4
Bb7 9. d5 exd5 10. cxd5 Na7 11. Rc1 d6 12. Nd4 Nh5 13. Bxh5 Qc8 14. Be3 Qd7 15.
Nf5 g5 16. Qd4 f6 17. Bxg5 fxg5 18. Qg7# 1-0

[Event "Mechanics' Neil Falconer TNM; 30/90, SD"]
[Site "San Francisco"]
[Date "2013.09.03"]
[Round "5.13"]
[White "Delaney, Will"]
[Black "Klinetobe, David"]
[Result "1/2-1/2"]
[WhiteElo "1800"]
[BlackElo "2035"]
[PlyCount "120"]
[EventDate "2013.??.??"]

1. Nf3 Nf6 2. d4 e6 3. Bg5 h6 4. Bh4 b6 5. Nbd2 Bb7 6. e3 d6 7. Bd3 Be7 8. Qe2
O-O 9. O-O Nd5 10. Bxe7 Qxe7 11. a3 Nd7 12. c4 N5f6 13. b4 e5 14. e4 exd4 15.
Nxd4 Ne5 16. Bc2 Rfe8 17. f3 Nc6 18. N2b3 d5 19. cxd5 Nxd4 20. Nxd4 Nxd5 21.
Qd2 Nf6 22. Rfe1 Qd6 23. Qf2 Rad8 24. Rad1 a6 25. Nf5 Qe5 26. Rxd8 Rxd8 27. f4
Qc3 28. Qg3 Qxg3 29. Nxg3 Rd2 30. Re2 Rxe2 31. Nxe2 Bxe4 32. Bb3 Nd5 33. Ng3
Nc3 34. Nxe4 Nxe4 35. Bd5 Nc3 36. Bb7 a5 37. bxa5 bxa5 38. Kf2 Nb5 39. a4 Nd6
40. Bc6 Kf8 41. Ke3 Ke7 42. Kd4 Ke6 43. g4 f5 44. h3 fxg4 45. hxg4 Nc8 46. Kc5
Nd6 47. Bf3 Kd7 48. f5 Nf7 49. Kb5 Ne5 50. Be2 Kd6 51. Kxa5 Kc5 52. Ka6 Kb4 53.
a5 Nc6 54. Kb7 Nxa5+ 55. Kxc7 Kc5 56. Kd7 Kd5 57. Ke7 Nc6+ 58. Kf7 Nd4 59. Bd1
Ke5 60. Kxg7 Nxf5+ 1/2-1/2

[Event "Mechanics' Neil Falconer TNM; 30/90, SD"]
[Site "San Francisco"]
[Date "2013.08.13"]
[Round "2.20"]
[White "Delaney, Will"]
[Black "Muller, Raymond"]
[Result "0-1"]
[WhiteElo "1800"]
[BlackElo "1402"]
[PlyCount "69"]
[EventDate "2013.??.??"]

1. Nf3 d5 2. d4 e6 3. c3 c5 4. Bg5 Nf6 5. Nbd2 Nc6 6. e3 Bd7 7. Bd3 Bd6 8. O-O
a6 9. e4 h6 10. Bxf6 gxf6 11. dxc5 Bxc5 12. exd5 exd5 13. Qb3 Be6 14. Nd4 Bxd4
15. cxd4 Nxd4 16. Qa4+ Nc6 17. Nf3 Qa5 18. Qxa5 Nxa5 19. Nd4 Nc6 20. Nf5 Ne7
21. Nd6+ Kf8 22. Nxb7 Rg8 23. Rfe1 Ng6 24. Nc5 Nf4 25. Nxe6+ fxe6 26. Bc2 Rxg2+
27. Kh1 Rxf2 28. Bb3 Rxb2 29. Rf1 e5 30. Rac1 a5 31. Rc7 a4 32. Bd1 Rxa2 33.
Rh7 Kg8 34. Rb7 Nh3 35. Bg4 0-1

[Event "Mechanics' Winter TNM; 30/90, SD/30"]
[Site "?"]
[Date "2013.02.19"]
[Round "7"]
[White "Delmonico, Nils"]
[Black "Bekhtur, Bayaraa"]
[Result "0-1"]
[WhiteElo "1922"]
[BlackElo "1650"]
[PlyCount "118"]
[EventDate "2013.01.14"]

1. c4 c5 2. g3 d6 3. Bg2 Nc6 4. Nf3 g6 5. O-O Bg7 6. Nc3 Nf6 7. a3 Bd7 8. Rb1
Qc8 9. Re1 Bf5 10. d3 a6 11. Bd2 O-O 12. b4 Bh3 13. Bh1 cxb4 14. axb4 Qg4 15.
Ng5 Nh5 16. Bf3 Qd7 17. Nd5 h6 18. Nb6 Qd8 19. Nxh3 Qxb6 20. Be3 Qc7 21. Bg2 g5
22. b5 axb5 23. Rxb5 Ra2 24. Qb3 Rb2 25. Qa4 Rxb5 26. Qxb5 e5 27. Rb1 g4 28.
Bb6 Qe7 29. Nf4 exf4 30. Qxh5 Qxe2 31. gxf4 Qxd3 32. Qb5 Nd4 33. Bxd4 Bxd4 34.
Rf1 g3 35. hxg3 Qxg3 36. Qxb7 Qxf4 37. Qe4 Qf6 38. Qf3 Qg7 39. Kh1 Kh8 40. Qf5
Re8 41. Be4 Re5 42. Qc8+ Qg8 43. Qxg8+ Kxg8 44. f3 Kg7 45. Kg2 Rg5+ 46. Kh3 Kf6
47. Rb1 Ke5 48. Bd5 Kf4 49. Re1 f5 50. Kh2 h5 51. Re6 Be5 52. Kh1 Ke3 53. Re8
Kf2 54. Rg8 Bg7 55. Bc6 h4 56. Bd7 Rg3 57. Kh2 Be5 58. Rh8 Rg2+ 59. Kh3 Rh2#
0-1

[Event "Mechanics' Summer TNM; 30/90, SD/30"]
[Site "San Francisco"]
[Date "2013.06.25"]
[Round "5.19"]
[White "Delmonico, Nils"]
[Black "Bekhtur, Bayaraa"]
[Result "1-0"]
[WhiteElo "1874"]
[BlackElo "1702"]
[PlyCount "39"]
[EventDate "2013.??.??"]

1. c4 g6 2. g3 Nf6 3. Bg2 Bg7 4. Nc3 d6 5. e4 a5 6. Nge2 Na6 7. O-O O-O 8. d3
e5 9. h3 Rb8 10. Be3 Nd7 11. Qd2 Nac5 12. Rad1 Ne6 13. d4 exd4 14. Nxd4 Ne5 15.
b3 Nxd4 16. Bxd4 Bxh3 17. Bxe5 Bxg2 18. Bxg7 Bxf1 19. Bxf8 Bh3 20. Qh6 1-0

[Event "Mechanics' Winter TNM; 30/90, SD/30"]
[Site "San Francisco"]
[Date "2013.01.22"]
[Round "3.18"]
[White "Delmonico, Nils"]
[Black "Campers, Willie"]
[Result "1/2-1/2"]
[WhiteElo "1922"]
[BlackElo "1601"]
[PlyCount "103"]
[EventDate "2013.??.??"]

1. c4 c5 2. g3 Nc6 3. Bg2 d6 4. Nf3 Be6 5. d3 Qd7 6. O-O Bh3 7. Nc3 Nf6 8. a3
g6 9. Rb1 Bg7 10. b4 Bxg2 11. Kxg2 Ng4 12. Bd2 b6 13. bxc5 dxc5 14. Nb5 a6 15.
Nc3 Rb8 16. Na4 Qa7 17. Qc2 O-O 18. Bc3 e5 19. Ba1 Nd4 20. Bxd4 exd4 21. Rfe1
Rfe8 22. h3 Nh6 23. e3 dxe3 24. fxe3 Qc7 25. e4 f5 26. Nc3 fxe4 27. dxe4 Nf7
28. Nd5 Qc6 29. Qd2 Ne5 30. Nxe5 Rxe5 31. Qf4 Qd6 32. Qf1 Rg5 33. Qf4 Re5 34.
Qf1 Rb7 35. Qd3 Qe6 36. Nf4 Qc8 37. Rbd1 Re8 38. Qd5+ Kh8 39. e5 Rbe7 40. e6
Bd4 41. Rxd4 cxd4 42. Qxd4+ Kg8 43. h4 b5 44. cxb5 axb5 45. Re2 Qa6 46. Kh2
Qxa3 47. Nd5 Rxe6 48. Nf6+ Kf7 49. Rf2 Re2 50. Nxe8+ Rxf2+ 51. Qxf2+ Kxe8 52.
Qe2+ 1/2-1/2

[Event "Mechanics' Summer TNM; 30/90, SD/30"]
[Site "San Francisco"]
[Date "2013.06.11"]
[Round "3.4"]
[White "Delmonico, Nils"]
[Black "Ivanov, Aleksandr"]
[Result "0-1"]
[WhiteElo "1874"]
[BlackElo "2078"]
[PlyCount "78"]
[EventDate "2013.??.??"]

1. Nf3 c5 2. c4 Nc6 3. g3 Nf6 4. Bg2 g6 5. O-O Bg7 6. Nc3 O-O 7. d4 cxd4 8.
Nxd4 a6 9. h3 Qc7 10. Be3 Rb8 11. Rc1 Qa5 12. c5 Nxd4 13. Bxd4 Rd8 14. Qb3 d6
15. c6 Be6 16. Qb6 Qxb6 17. Bxb6 bxc6 18. Bxd8 Rxd8 19. Bxc6 Bxh3 20. Rfd1 Rb8
21. b3 Bh6 22. e3 Bg4 23. Rd4 Bf5 24. Nd5 Nxd5 25. Bxd5 Bg7 26. Ra4 Rb5 27.
Rxa6 Rxd5 28. Ra8+ Bf8 29. e4 Bxe4 30. g4 f5 31. f3 Bxf3 32. Kf2 fxg4 33. Rb8
Kf7 34. b4 Rd2+ 35. Kg1 Rxa2 36. b5 Bh6 37. Re1 Bd2 38. Rb1 Be3+ 39. Kf1 g3 0-1

[Event "Mechanics' Spring TNM; 30/90, SD/30"]
[Site "San Francisco"]
[Date "2013.04.16"]
[Round "5.13"]
[White "Delmonico, Nils"]
[Black "Kottcamp, Jeff"]
[Result "1-0"]
[WhiteElo "1969"]
[BlackElo "1723"]
[PlyCount "91"]
[EventDate "2013.??.??"]

1. Nf3 f5 2. g3 Nf6 3. Bg2 g6 4. c4 Bg7 5. O-O O-O 6. Nc3 d6 7. Rb1 e5 8. d3 c6
9. b4 Qe7 10. Qb3 Be6 11. Ng5 Nbd7 12. a4 Rab8 13. a5 Rfc8 14. Ba3 Kh8 15. Nxe6
Qxe6 16. b5 c5 17. e3 e4 18. dxe4 fxe4 19. Rbd1 Ne5 20. Nxe4 Nxe4 21. Bxe4 Qxc4
22. Qb1 Rd8 23. Bd5 Qa4 24. Bb2 Qxa5 25. f4 Ng4 26. Bxg7+ Kxg7 27. Qb2+ Kh6 28.
Ra1 Qc7 29. Qc3 Qg7 30. Qd2 Nf6 31. Rxa7 Nxd5 32. Qxd5 Qd7 33. Qg5+ Kg7 34. f5
Rf8 35. f6+ Kh8 36. Ra4 Rf7 37. Rh4 Kg8 38. Re4 Re8 39. Rff4 Rxe4 40. Rxe4 Qf5
41. Re8+ Rf8 42. Rxf8+ Kxf8 43. Qh6+ Kf7 44. Qg7+ Ke6 45. Qe7+ Kd5 46. e4+ 1-0

[Event "Mechanics' Winter TNM; 30/90, SD/30"]
[Site "San Francisco"]
[Date "2013.01.08"]
[Round "1.25"]
[White "Delmonico, Nils"]
[Black "Langrog, Alex"]
[Result "1-0"]
[WhiteElo "1922"]
[BlackElo "1332"]
[PlyCount "59"]
[EventDate "2013.??.??"]

1. c4 e6 2. g3 c5 3. Bg2 Nf6 4. Nc3 Nc6 5. Nf3 Be7 6. O-O Qc7 7. d4 cxd4 8.
Nxd4 Nxd4 9. Qxd4 Bc5 10. Qd3 h5 11. Bf4 e5 12. Bg5 d6 13. Bxf6 gxf6 14. b4 Bd4
15. Nb5 Qb6 16. Nxd4 Qxd4 17. Qxd4 exd4 18. Rfd1 Be6 19. Rxd4 Ke7 20. a3 Rab8
21. h4 b5 22. cxb5 Rxb5 23. e3 Rc8 24. a4 Re5 25. Rad1 Bb3 26. Ra1 Rc2 27. b5
Ke6 28. Rad1 d5 29. Rb4 Rf5 30. Bh3 1-0

[Event "Mechanics' Spring TNM; 30/90, SD/30"]
[Site "San Francisco"]
[Date "2013.04.02"]
[Round "3.16"]
[White "Delmonico, Nils"]
[Black "Matchen, George"]
[Result "1/2-1/2"]
[WhiteElo "1969"]
[BlackElo "1668"]
[PlyCount "53"]
[EventDate "2013.??.??"]

1. Nf3 Nf6 2. c4 c6 3. d4 d5 4. e3 e6 5. Nc3 Nbd7 6. Qc2 Bd6 7. Bd2 O-O 8. Rc1
Re8 9. Be2 e5 10. cxd5 Nxd5 11. Nxd5 cxd5 12. dxe5 Nxe5 13. Bc3 Bd7 14. O-O Rc8
15. Qb3 Bc6 16. Bd4 Bb8 17. Rfd1 Nxf3+ 18. Bxf3 Qd6 19. g3 Rcd8 20. Bg2 h5 21.
e4 dxe4 22. Bb6 Bd5 23. Bxd8 Bxb3 24. Rxd6 Bxd6 25. axb3 Rxd8 26. Bxe4 b6 27.
Rc2 1/2-1/2

[Event "Mechanics' Winter TNM; 30/90, SD/30"]
[Site "San Francisco"]
[Date "2013.02.05"]
[Round "5.15"]
[White "Delmonico, Nils"]
[Black "Newey, Richard"]
[Result "0-1"]
[WhiteElo "1922"]
[BlackElo "1673"]
[PlyCount "152"]
[EventDate "2013.??.??"]

1. c4 Nf6 2. g3 c6 3. Nf3 g6 4. Bg2 Bg7 5. O-O d5 6. Nc3 d4 7. Nb1 a5 8. d3 c5
9. e3 Nc6 10. exd4 cxd4 11. Re1 O-O 12. Na3 Re8 13. Ne5 Bd7 14. b3 Nxe5 15.
Rxe5 Bc6 16. Nc2 Nd7 17. Re1 Bxg2 18. Kxg2 e5 19. Qf3 Qc7 20. Rb1 Qc6 21. b4
Qxf3+ 22. Kxf3 axb4 23. Nxb4 Nc5 24. Bd2 f5 25. Kg2 Ra3 26. Bc1 Ra4 27. Bd2
Rea8 28. Bg5 Rxb4 29. Rxb4 Nxd3 30. Reb1 Nxb4 31. Rxb4 h6 32. Be7 Bf8 33. Rxb7
Bxe7 34. Rxe7 e4 35. c5 Rc8 36. Rd7 d3 37. Rd5 Kf7 38. a4 Rc6 39. Kf1 Ke6 40.
Rd8 Rxc5 41. Ke1 Ke7 42. Rd4 Rc2 43. h4 Re2+ 44. Kf1 Ra2 45. f3 exf3 46. Rxd3
Rxa4 47. Kf2 Ke6 48. Kxf3 Ke5 49. Rb3 Rd4 50. Ra3 Rd1 51. Ra4 Rd3+ 52. Kf2 Rd4
53. Ra6 Rd6 54. Ra4 g5 55. hxg5 hxg5 56. Rb4 g4 57. Ke3 Rd1 58. Rb5+ Kf6 59.
Ke2 Ra1 60. Ke3 Ra3+ 61. Kf2 Rf3+ 62. Kg2 Rd3 63. Ra5 Ke6 64. Kf2 Rd5 65. Ra4
Ke5 66. Ke2 Rb5 67. Ke3 Rb3+ 68. Kf2 Rd3 69. Kg2 Rd4 70. Ra3 Ke4 71. Kf2 Rd2+
72. Kg1 Rd3 73. Rxd3 Kxd3 74. Kh1 Ke3 75. Kg1 Kf3 76. Kh2 Kf2 0-1

[Event "Mechanics' Spring TNM; 30/90, SD/30"]
[Site "San Francisco"]
[Date "2013.04.30"]
[Round "7.14"]
[White "Delmonico, Nils"]
[Black "Poling, Scott"]
[Result "1/2-1/2"]
[WhiteElo "1969"]
[BlackElo "1734"]
[PlyCount "114"]
[EventDate "2013.??.??"]

1. Nf3 c5 2. c4 Nc6 3. g3 g6 4. Bg2 Bg7 5. Nc3 e5 6. O-O Nge7 7. Ne1 O-O 8. a3
a5 9. Nc2 Rb8 10. Ne3 Nd4 11. b4 axb4 12. axb4 cxb4 13. Ncd5 b5 14. cxb5 Rxb5
15. Ra8 Nec6 16. Nc4 Rb8 17. Rxb8 Nxb8 18. Nxb4 Na6 19. Nd5 Nc5 20. Ba3 d6 21.
e3 Nb5 22. Bb4 Bf5 23. Bxc5 dxc5 24. Qb3 Nd6 25. Rc1 Ne4 26. d3 Qxd5 27. dxe4
Bxe4 28. Bxe4 Qxe4 29. Nd6 Qf3 30. Rxc5 Rd8 31. Rc8 Rxc8 32. Nxc8 Bf8 33. h4 h5
34. Qd3 Bb4 35. Qc2 Qb7 36. Qc4 Bf8 37. Kh2 Qf3 38. Qa2 e4 39. Na7 Bb4 40. Qc2
Be1 41. Kg1 Qf5 42. Nc6 Qe6 43. Nd4 Qd5 44. Nb3 Qd3 45. Nd4 Ba5 46. Qc8+ Kg7
47. Qa8 Bc3 48. Qd5 Bxd4 49. exd4 Qd1+ 50. Kh2 Qf3 51. Qe5+ Kh7 52. Qf4 Qxf4
53. gxf4 Kg7 54. Kg2 Kf6 55. Kf1 Ke6 56. Ke2 Kd5 57. Ke3 f5 1/2-1/2

[Event "Mechanics' Summer TNM; 30/90, SD/30"]
[Site "San Francisco"]
[Date "2013.07.16"]
[Round "8.17"]
[White "Delmonico, Nils"]
[Black "Poling, Scott"]
[Result "1-0"]
[WhiteElo "1874"]
[BlackElo "1734"]
[PlyCount "57"]
[EventDate "2013.??.??"]

1. c4 e5 2. g3 Nc6 3. Nc3 f5 4. Nf3 Nf6 5. d4 e4 6. Nh4 d6 7. Bh3 g6 8. O-O Be7
9. f3 O-O 10. Ng2 exf3 11. Rxf3 Ne4 12. Nxe4 fxe4 13. Rxf8+ Qxf8 14. Bxc8 Rxc8
15. e3 Nb4 16. Qe2 Nd3 17. Bd2 c6 18. Rf1 Qg7 19. Nf4 Nxf4 20. Rxf4 d5 21. Qg4
Rf8 22. Qe6+ Kh8 23. cxd5 Rxf4 24. gxf4 Qf6 25. Qxe4 cxd5 26. Qxd5 Qh4 27. Qe6
Bf8 28. Kg2 Qh5 29. Qe5+ 1-0

[Event "Mechanics' Spring TNM; 30/90, SD/30"]
[Site "San Francisco"]
[Date "2013.03.19"]
[Round "1.18"]
[White "Delmonico, Nils"]
[Black "Starr, Albert"]
[Result "1-0"]
[WhiteElo "1969"]
[BlackElo "1570"]
[PlyCount "81"]
[EventDate "2013.??.??"]

1. Nf3 b5 2. g3 Bb7 3. Bg2 e6 4. O-O Nf6 5. d3 Be7 6. Nbd2 O-O 7. e4 d6 8. a4
b4 9. Qe2 a5 10. Nc4 Nbd7 11. Be3 c5 12. Bd2 Nb6 13. Nxb6 Qxb6 14. b3 h6 15.
Be3 Ng4 16. Bd2 f5 17. exf5 e5 18. h3 Nf6 19. Rad1 Nd5 20. Nxe5 dxe5 21. Qxe5
Bf6 22. Bxd5+ Kh8 23. Qe6 Qa7 24. Rde1 Rad8 25. Bxb7 Qxb7 26. Qe4 Qf7 27. g4
Bd4 28. Qe6 Qb7 29. Qe4 Qf7 30. Qf4 Qf6 31. Re6 Qh4 32. Kg2 Rd7 33. Rfe1 Qd8
34. Qe4 Qh4 35. Be3 Bc3 36. Re2 Rc7 37. Re8 Qf6 38. Rxf8+ Qxf8 39. Bf4 Qf6 40.
Qe8+ Kh7 41. Qg6+ 1-0

[Event "Mechanics' Summer TNM; 30/90, SD/30"]
[Site "San Francisco"]
[Date "2013.06.04"]
[Round "2.7"]
[White "Delmonico, Nils"]
[Black "Traub, Igor"]
[Result "1-0"]
[WhiteElo "1874"]
[BlackElo "2074"]
[PlyCount "37"]
[EventDate "2013.??.??"]

1. Nf3 d5 2. c4 Nf6 3. cxd5 Nxd5 4. d4 e6 5. e4 Nf6 6. Qc2 Bb4+ 7. Nc3 O-O 8.
a3 Be7 9. Bd3 h6 10. e5 Nd5 11. Ne4 b6 12. h4 Bb7 13. Rh3 Nd7 14. Bxh6 f5 15.
Rg3 fxe4 16. Rxg7+ Kh8 17. Bxe4 Bf6 18. Rh7+ Kg8 19. Bxd5 1-0

[Event "Mechanics' Winter TNM; 30/90, SD/30"]
[Site "San Francisco"]
[Date "2013.01.15"]
[Round "2.33"]
[White "Donnelly, Patrick"]
[Black "Cowgill, Jackie"]
[Result "1-0"]
[WhiteElo "1643"]
[BlackElo "906"]
[PlyCount "53"]
[EventDate "2013.??.??"]

1. e4 e5 2. Nf3 Nc6 3. Bb5 a6 4. Ba4 Nf6 5. O-O Be7 6. Re1 b5 7. Bb3 O-O 8. c3
Na5 9. Bc2 c5 10. Nxe5 d6 11. Nf3 Bg4 12. d4 cxd4 13. cxd4 Rc8 14. Nbd2 Nc4 15.
Nxc4 Rxc4 16. Be3 Bxf3 17. gxf3 Ne8 18. Kh1 Bg5 19. Rg1 Bxe3 20. fxe3 Nf6 21.
Rc1 Rc8 22. f4 d5 23. exd5 Nxd5 24. Qh5 Nf6 25. Qg5 g6 26. f5 Nh5 27. Qxh5 1-0

[Event "Mechanics' Winter TNM; 30/90, SD/30"]
[Site "San Francisco"]
[Date "2013.02.05"]
[Round "5.30"]
[White "Donnelly, Patrick"]
[Black "Hilliard, Michael"]
[Result "1-0"]
[WhiteElo "1643"]
[BlackElo "1429"]
[PlyCount "49"]
[EventDate "2013.??.??"]

1. e4 c6 2. d4 d5 3. Nc3 dxe4 4. Nxe4 Nd7 5. Nf3 Ngf6 6. Ng3 e6 7. Bc4 Nb6 8.
Bb3 c5 9. c3 cxd4 10. Nxd4 Bc5 11. O-O O-O 12. Bg5 Nbd5 13. Ne4 Be7 14. Nxf6+
Bxf6 15. Bxf6 Nxf6 16. Qf3 Bd7 17. Qxb7 Re8 18. Rad1 Qb8 19. Qxb8 Raxb8 20. Nf3
Rb5 21. Ba4 Rb7 22. Bxd7 Nxd7 23. Rd2 Nb6 24. b3 e5 25. Nxe5 1-0

[Event "Mechanics' Spring TNM; 30/90, SD/30"]
[Site "San Francisco"]
[Date "2013.04.23"]
[Round "6.17"]
[White "Donnelly, Patrick"]
[Black "Krasnov, Steven"]
[Result "0-1"]
[WhiteElo "1643"]
[BlackElo "1958"]
[PlyCount "46"]
[EventDate "2013.??.??"]

1. e4 c5 2. Nf3 d6 3. d4 cxd4 4. Nxd4 Nf6 5. Nc3 a6 6. Be2 e6 7. Be3 Qc7 8. O-O
b5 9. Bf3 Bb7 10. a3 Be7 11. Nde2 Nbd7 12. Ng3 Ne5 13. Be2 Rc8 14. f4 Nc4 15.
Bxc4 Qxc4 16. Qd3 h5 17. Qxc4 Rxc4 18. Bd2 h4 19. Nge2 Nxe4 20. Nxe4 Bxe4 21.
c3 Bd3 22. Rf2 Bd8 23. Be3 Re4 0-1

[Event "Mechanics' Spring TNM; 30/90, SD/30"]
[Site "San Francisco"]
[Date "2013.04.09"]
[Round "4.14"]
[White "Donnelly, Patrick"]
[Black "Royzen, Igor"]
[Result "0-1"]
[WhiteElo "1643"]
[BlackElo "1844"]
[Annotator "Donaldson"]
[PlyCount "86"]
[EventDate "2013.??.??"]

1. e4 c5 2. Nf3 Nc6 3. d4 cxd4 4. Nxd4 g6 5. Nc3 Bg7 6. Be3 Nf6 7. Bc4 Qa5 8.
f3 $2 (8. O-O $142 Qb4) 8... Qb4 9. Bb3 $2 (9. Nxc6 $11) 9... Nxe4 10. Nxc6
Bxc3+ 11. bxc3 Qxc3+ 12. Ke2 Qxb3 $4 (12... dxc6 13. Bd4 $2 e5 $1) 13. axb3
Nc3+ 14. Kd2 Nxd1 15. Rxa7 $2 (15. Bd4 f6 16. Nb4 $18) 15... Rxa7 16. Nxa7 Nxe3
17. Kxe3 O-O 18. Kd4 d6 19. Nxc8 Rxc8 20. c4 Ra8 21. Re1 Kf8 22. Re2 Ke8 23. c5
Kd7 24. b4 Ra1 25. Kc4 Rc1+ 26. Kb5 d5 27. Kb6 Rb1 28. b5 d4 29. Rd2 e5 30. f4
f6 31. fxe5 fxe5 32. Re2 Ke6 33. c6 bxc6 34. Kxc6 d3 35. Rd2 e4 36. b6 Ke5 37.
b7 Kd4 38. Kc7 e3 39. Ra2 e2 40. Ra6 Rxb7+ 41. Kxb7 Ke3 42. Kc6 Kf2 43. Ra2 Kf1
0-1

[Event "Mechanics' Winter TNM; 30/90, SD/30"]
[Site "San Francisco"]
[Date "2013.02.12"]
[Round "6.17"]
[White "Donnelly, Patrick"]
[Black "Rudyak, Felix"]
[Result "0-1"]
[WhiteElo "1643"]
[BlackElo "1956"]
[PlyCount "64"]
[EventDate "2013.??.??"]

1. e4 c5 2. Nf3 d6 3. d4 cxd4 4. Nxd4 Nf6 5. Nc3 a6 6. Bc4 e6 7. Be3 Be7 8. Qd2
O-O 9. f3 b5 10. Bb3 Bb7 11. Bxe6 fxe6 12. Nxe6 Qa5 13. Nxf8 Kxf8 14. O-O Nbd7
15. Bf4 Rc8 16. Bxd6 Qb6+ 17. Kh1 Qxd6 18. Qxd6 Bxd6 19. Rad1 Be5 20. f4 Bxc3
21. bxc3 Bxe4 22. Rd6 Rxc3 23. Rc1 Nc5 24. Rd8+ Ke7 25. Rdd1 Ke6 26. Kg1 Kf5
27. Rf1 Ng4 28. h3 Ne3 29. g4+ Kf6 30. Rfe1 Nd5 31. f5 Kg5 32. Kh2 Kh4 0-1

[Event "Mechanics' Spring TNM; 30/90, SD/30"]
[Site "San Francisco"]
[Date "2013.04.02"]
[Round "3.20"]
[White "Donnelly, Patrick"]
[Black "Sainz, Guadalupe"]
[Result "1-0"]
[WhiteElo "1643"]
[BlackElo "1871"]
[PlyCount "71"]
[EventDate "2013.??.??"]

1. e4 c5 2. Nf3 d6 3. d4 cxd4 4. Nxd4 Nf6 5. Nc3 a6 6. Be2 e5 7. Nf3 Be7 8. Be3
Be6 9. Qd2 Qc7 10. O-O h6 11. Rad1 Nbd7 12. Ne1 b5 13. f4 b4 14. Nd5 Bxd5 15.
exd5 a5 16. fxe5 Nxe5 17. Bb5+ Nfd7 18. Qf2 O-O 19. Qg3 Ng6 20. Nd3 Bh4 21. Qf3
Rae8 22. Qh3 Re7 23. Kh1 Bf6 24. Bxd7 Rxd7 25. Bxh6 Bd4 26. Nf4 Bxb2 27. Nxg6
fxg6 28. Rxf8+ Kxf8 29. Rf1+ Bf6 30. Rxf6+ Kg8 31. Qe6+ Kh7 32. Rxg6 Qxc2 33.
Be3 Rc7 34. Rg3 Qd1+ 35. Bg1 g6 36. Qxg6+ 1-0

[Event "Mechanics' Spring TNM; 30/90, SD/30"]
[Site "San Francisco"]
[Date "2013.05.07"]
[Round "8.24"]
[White "Donnelly, Patrick"]
[Black "Shi, Jaysen"]
[Result "1-0"]
[WhiteElo "1643"]
[BlackElo "1736"]
[PlyCount "115"]
[EventDate "2013.??.??"]

1. e4 e6 2. d4 d5 3. Nc3 Bb4 4. e5 c5 5. a3 cxd4 6. Qxd4 Nc6 7. Bb5 Bxc3+ 8.
Qxc3 Bd7 9. Nf3 d4 10. Qd3 Nge7 11. Bg5 Qa5+ 12. b4 Nxb4 13. Bxd7+ Kd8 14. Qe4
Nxc2+ 15. Kd1 Nxa1 16. Qxb7 Qc7 17. Qxa8+ Kxd7 18. Qxh8 Qc2+ 19. Ke1 d3 20. Nd4
Qc3+ 21. Kf1 Qxd4 22. Qf8 Qc5 23. Qxe7+ Qxe7 24. Bxe7 Kxe7 25. f4 a5 26. Kf2
Nb3 27. Ke3 d2 28. Rd1 Kd7 29. Kd3 a4 30. Kc3 Kc6 31. Kb4 Kd5 32. Kxa4 Nc5+ 33.
Kb5 Ne4 34. Kb4 Kd4 35. Kb3 Kd3 36. Ra1 Nc3 37. a4 Nxa4 (37... d1=Q+ $142) 38.
Kxa4 Ke2 39. Kb5 d1=Q 40. Rxd1 Kxd1 41. Kc6 Ke2 42. Kd7 Ke3 43. g3 Ke4 44. Ke7
g5 45. Kxf7 gxf4 46. gxf4 Kf5 47. h4 h5 48. Ke7 Kxf4 49. Kxe6 Kg4 50. Kf6 Kxh4
51. e6 Kg3 52. e7 h4 53. e8=Q h3 54. Qe3+ Kg2 55. Qe4+ Kg1 56. Qg4+ Kh2 57. Kf5
Kh1 58. Qxh3+ 1-0

[Event "Mechanics' Fall TNM; 30/90, SD/30"]
[Site "San Francisco"]
[Date "2013.12.03"]
[Round "7.11"]
[White "Doyle, Bryon"]
[Black "Abraham, Renjish"]
[Result "1-0"]
[WhiteElo "2076"]
[BlackElo "1862"]
[PlyCount "57"]
[EventDate "2013.??.??"]

1. e4 c5 2. Nf3 d6 3. d4 cxd4 4. Nxd4 Nf6 5. Nc3 a6 6. Bc4 e6 7. Bb3 Be7 8. O-O
O-O 9. f4 e5 10. Nde2 Nbd7 11. f5 Nc5 12. Ng3 Nxb3 13. axb3 b5 14. Bg5 Bb7 15.
Bxf6 Bxf6 16. Nh5 Bg5 17. Qg4 Be3+ 18. Kh1 Qg5 19. Qh3 Qh6 20. Rf3 Bg5 21. Qg4
g6 22. Rh3 gxf5 23. exf5 f6 24. Nf4 Qg7 25. Ne6 Qe7 26. Nxf8 Kxf8 27. Rd1 Rc8
28. Qb4 Rc6 29. Rhd3 1-0

[Event "Mechanics' Fall TNM; 30/90, SD/30"]
[Site "San Francisco"]
[Date "2013.10.22"]
[Round "1.6"]
[White "Doyle, Bryon"]
[Black "Bachseitz, Martin"]
[Result "1-0"]
[WhiteElo "2076"]
[BlackElo "1632"]
[PlyCount "67"]
[EventDate "2013.??.??"]

1. e4 e5 2. Nf3 Nc6 3. Bc4 Bc5 4. b4 Bxb4 5. c3 Be7 6. d4 d6 7. dxe5 Nxe5 8.
Nxe5 dxe5 {Diagram #} 9. Qh5 $1 g6 10. Qxe5 f6 11. Qb5+ c6 12. Qb3 Kf8 13. Bxg8
Rxg8 14. Bh6+ Rg7 15. O-O Qb6 16. Nd2 Qxb3 17. axb3 Kf7 18. Bxg7 Kxg7 19. Nf3
c5 20. Rfd1 Be6 21. c4 a6 22. Ne1 Rd8 23. Rxd8 Bxd8 24. Rd1 Bc7 25. Nc2 f5 26.
exf5 Bxf5 27. Ne3 Be6 28. Nd5 Ba5 29. f3 b5 30. Ra1 bxc4 31. bxc4 Bxd5 32. cxd5
Bc3 33. Rxa6 Bd4+ 34. Kf1 1-0

[Event "Mechanics' Summer TNM; 30/90, SD/30"]
[Site "San Francisco"]
[Date "2013.05.28"]
[Round "1.12"]
[White "Doyle, Bryon"]
[Black "Gardiner, Paul"]
[Result "1-0"]
[WhiteElo "2052"]
[BlackElo "1650"]
[PlyCount "47"]
[EventDate "2013.??.??"]

1. e4 c5 2. Nf3 d6 3. d4 cxd4 4. Nxd4 Nf6 5. Nc3 a6 6. Bc4 e6 7. Bb3 Be7 8. f4
Qc7 9. O-O Nc6 10. f5 Nxd4 11. Qxd4 O-O 12. Kh1 b5 13. Be3 e5 14. Qd3 Bb7 15.
Bg5 Rad8 16. Bxf6 Bxf6 17. Rad1 Qc5 18. Bd5 Bc8 19. a3 Rd7 20. Rf3 Bd8 21. Rh3
Kh8 22. Qf3 Bb7 23. f6 Bxf6 24. Qf5 1-0

[Event "Mechanics' Neil Falconer TNM; 30/90, SD"]
[Site "San Francisco"]
[Date "2013.10.01"]
[Round "9.5"]
[White "Doyle, Bryon"]
[Black "Handigol, Abhishek"]
[Result "1-0"]
[WhiteElo "2046"]
[BlackElo "2008"]
[PlyCount "75"]
[EventDate "2013.??.??"]

1. e4 e5 2. Nf3 d5 3. Nxe5 Bd6 4. d4 dxe4 5. Bc4 Bxe5 6. Qh5 Qe7 7. Qxe5 Qxe5
8. dxe5 Nc6 9. Nc3 Nxe5 10. Nb5 Kd8 11. Bb3 a6 12. Nc3 Bf5 13. Bf4 Ng6 14.
O-O-O+ Kc8 15. Bg3 Nf6 16. Bxf7 Rf8 17. Bxg6 Bxg6 18. Rhe1 b6 19. Nd5 Nxd5 20.
Rxd5 Bf5 21. f3 exf3 22. Re7 Ra7 23. gxf3 g5 24. Be5 Bg6 25. Bg3 Bf5 26. Kd2 h6
27. c3 Rb7 28. Rde5 c5 29. Re8+ Rxe8 30. Rxe8+ Kd7 31. Rh8 Ke7 32. Rxh6 Rd7+
33. Ke3 Be6 34. Be5 Rd1 35. Bf6+ Kf7 36. Bxg5 Rb1 37. Rf6+ Ke7 38. f4 1-0